书目信息 |
| 题名: |
千里黄云
|
|
| 作者: | 曾庆存 , 董超华 , 彭公炳 著 | |
| 分册: | ||
| 出版信息: | 北京 科学出版社 2006 |
|
| 页数: | 13,228页 | |
| 开本: | 29cm | |
| 丛书名: | ||
| 单 册: | ||
| 中图分类: | P425.5 | |
| 科图分类: | ||
| 主题词: | 沙暴--研究--东亚 | |
| 电子资源: | ||
| ISBN: | 7-03-017510-7 | |
| 000 | 01372nam0 2200313 450 | |
| 001 | 012004114941 | |
| 005 | 20070805105845.71 | |
| 009 | 012004114941 | |
| 010 | @a7-03-017510-7@b精装@dCNY198.00 | |
| 035 | @a(110019)012007001093 | |
| 100 | @a20050308d2006 em y0chiy0110 ea | |
| 101 | 0 | @achi |
| 102 | @aCN@b110000 | |
| 105 | @aa z 001yy | |
| 106 | @ar | |
| 200 | 1 | @a千里黄云@Aqian li huang yun@e东亚沙尘暴研究@Edong ya sha chen bao yan jiu@f曾庆存,董超华,彭公炳著@Fzeng qing cun, dong chao hua, peng gong bing zhu |
| 210 | @a北京@c科学出版社@d2006 | |
| 215 | @a13,228页@c图@d29cm | |
| 312 | @a封底英文题名:Gigantic yellow cloud: dust storms in East Asia | |
| 330 | @a本书全面阐述东亚地区沙尘天气监测、预警、预告的方法和结果分析以及灾情的评估方法,主要内容包括:我国沙尘天气的长期统计特征及其气候环境背景分析,东亚沙尘天气监测分析和沙尘特性的定量观测分析和遥感反演,风沙动力学,沙尘天气的数值预告和气候距平形势的动力学预测,灾害评估方法,以及世界沙尘天气概况;并涉及沙尘暴防治问题。 | |
| 510 | 1 | @aGigantic yellow cloud@edust storms in East Asia@zeng |
| 517 | 1 | @a东亚沙尘暴研究@Adong ya sha chen bao yan jiu |
| 606 | 0 | @a沙暴@x研究@y东亚 |
| 690 | @aP425.5@v4 | |
| 701 | 0 | @a曾庆存@Azeng qing cun@4著 |
| 701 | 0 | @a董超华@Adong chao hua@4著 |
| 701 | 0 | @a彭公炳@Apeng gong bing@4著 |
| 801 | 0 | @aCN@b110019@c20070805 |
| 905 | 2 | @dP425.5@e65@f1 |
| 千里黄云:东亚沙尘暴研究/曾庆存,董超华,彭公炳著.-北京:科学出版社,2006 |
| 13,228页:图;29cm |
| ISBN 7-03-017510-7(精装):CNY198.00 |
| 本书全面阐述东亚地区沙尘天气监测、预警、预告的方法和结果分析以及灾情的评估方法,主要内容包括:我国沙尘天气的长期统计特征及其气候环境背景分析,东亚沙尘天气监测分析和沙尘特性的定量观测分析和遥感反演,风沙动力学,沙尘天气的数值预告和气候距平形势的动力学预测,灾害评估方法,以及世界沙尘天气概况;并涉及沙尘暴防治问题。 |
| ● |
| 相关链接 |
|
|
|
|
正题名:千里黄云
索取号:P425.5/65
 
预约/预借
| 序号 | 登录号 | 条形码 | 馆藏地/架位号 | 状态 | 备注 |
| 1 | 0851273 | 208512732 | 第二样本阅览室/ [索取号:P425.5/65] | 在馆 |